LEADER 03278nam0 22006133i 450 001 TSA0011047 005 20251003044415.0 100 $a19960410d1996 ||||0itac50 ba 101 | $aita$cita 102 $ait 181 1$6z01$ai $bxxxe 182 1$6z01$an 183 1$6z01$anc$2RDAcarrier 200 1 $aScienza spazioaperto$eˆi ‰percorsi della conoscenza$esettimana della cultura scientifica e tecnologica$e25-31 marzo 1996$fpromossa dal Ministero dell'Università e della ricerca scientifica e tecnologica 210 $aRoma$cPresidenza del Consiglio dei ministri, Dipartimento per l'informazione e l'editoria$d[1996] 215 $aXXVII, 489 p.$cill.$d24 cm 225 | $aQuaderni di Vita italiana 410 0$1001CFI0022229$12001 $aQuaderni di Vita italiana 500 11$aScienza spazioaperto$3RMS3097391$91065663 517 1 $aˆI ‰percorsi della conoscenza$9URB0115663 606 $aSCIENZE$xDivulgazione$xItalia$x1996$2FIR$3RAVC247893$9I 606 $aSCIENZE$xInsegnamento$xItalia$x1996$2FIR$3RAVC247894$9I 676 $a507$9SCIENZE NATURALI E MATEMATICA. EDUCAZIONE, RICERCA, SOGGETTI CONNESSI$v21 676 $a507.045$9SCIENZE NATURALI E MATEMATICA. EDUCAZIONE, RICERCA, SOGGETTI CONNESSI. Italia$v14 676 $a507.045$9SCIENZE NATURALI E MATEMATICA. STUDI ED INSEGNAMENTO. Italia$v22 676 $a600$9TECNOLOGIA (SCIENZE APPLICATE)$v21 676 $a609.450$9$v20 676 $a609.450$9$v21 696 $aApplicazioni scientifiche$aScienze pure$aScienza$aScienze matematiche, fisiche e naturali$aScienze fisico-matematiche 696 $aApplicazioni scientifiche$aScienze pure$aScienza$aScienze matematiche, fisiche e naturali$aScienze fisico-matematiche 699 $aScienze$yApplicazioni scientifiche 699 $aScienze$zScienze pure 699 $aScienze$yScienza 699 $aScienze$zScienze matematiche, fisiche e naturali 699 $aScienze$yScienze fisico-matematiche 699 $aScienze$yApplicazioni scientifiche 699 $aScienze$zScienze pure 699 $aScienze$yScienza 699 $aScienze$zScienze matematiche, fisiche e naturali 699 $aScienze$yScienze fisico-matematiche 712 12$aSettimana della cultura scientifica e tecnologica$d <6.$f ; 1996>$3TSAV005938$4205 801 3$aIT$bIT-000000$c19960410 850 $aIT-BN0095 $aIT-BN0013 $aIT-BN0010 $aIT-CE0072 $aIT-CE0127 $aIT-BN0098 901 $bNAP 01$cSALA DING $n$ 901 $bNAP 46$cSEZ BENEV $n$ 901 $bNAP CT$cF. CORVESE$nFondo Centro F. Daniele-ICSR Vera Lombardi. Dono di Felicio Corvese 901 $bNAP CE$cCOLL. $n$ 901 $bNAP CB$cMOD $nlibri moderni dal 1831 901 $bNAP CU$cF. PAREO $n$ 912 $aTSA0011047 950 0$aBiblioteca Centralizzata di Ateneo$b1 v. (2. copia)$c1 v. in due copie$d 01SALA DING 507.045 SEDCSE$e 0102 0000049105 VMA A4(1996 1 v.$fY $h20030904$i20030904$b1 v. (2. copia)$c1 v. in due copie$d 01SALA DING 507.045 SEDCSE$e 0102 0000049115 VMA A4(1996bis 1 v. (2. copia)$fY $h20030904$i20030904 977 $a 01$a 46$a CB$a CE$a CT$a CU 996 $aScienza spazioaperto$91065663 997 $aUNISANNIO LEADER 03379nam 22006495 450 001 9910745587603321 005 20251113195829.0 010 $a981-9959-29-2 024 7 $a10.1007/978-981-99-5929-7 035 $a(CKB)5670000000770224 035 $a(DE-He213)978-981-99-5929-7 035 $a(PPN)272741531 035 $a(MiAaPQ)EBC30882943 035 $a(Au-PeEL)EBL30882943 035 $a(OCoLC)1420640803 035 $a(ODN)ODN0010137839 035 $a(EXLCZ)995670000000770224 100 $a20230912d2024 u| 0 101 0 $aeng 135 $aurnn|008mamaa 181 $ctxt$2rdacontent 182 $cc$2rdamedia 183 $acr$2rdacarrier 200 10$aAdaptive Dynamic Programming $eFor Chemotherapy Drug Delivery /$fby Jiayue Sun, Shun Xu, Yang Liu, Huaguang Zhang 205 $a1st ed. 2024. 210 1$aSingapore :$cSpringer Nature Singapore :$cImprint: Springer,$d2024. 215 $a1 online resource (XV, 135 p. 40 illus., 38 illus. in color.) 225 1 $aIntelligent Technologies and Robotics Series 311 08$a981-9959-28-4 327 $aPreface -- Acknowledgements -- Chapter1 Introduction -- Chapter 2 Neural Networks-Based Immune Optimization Regulation Using Adaptive Dynamic Programming -- Chapter 3 Optimal Regulation Strategy for Nonzero-Sum Games of the Immune System Using Adaptive Dynamic Programming -- Chapter 4 Evolutionary Dynamics Optimal Research-Oriented Tumor Immunity Architecture -- Chapter 5 N-Level Hierarchy-Based Optimal Control to Develop Therapeutic Strategies for Ecological Evolutionary Dynamics Systems -- Chapter 6 Combination Therapy-Based Adaptive Control for Organism Using Medicine Dosage Regulation Mechanism.-Chapter 7 Adaptive Virotherapy Strategy for Organism with Constrained Input Using Medicine Dosage Regulation Mechanism -- References. 330 $aThis open access book focuses on the practical application of Adaptive Dynamic Programming (ADP) in chemotherapy drug delivery, taking into account clinical variables and real-time data. ADP's ability to adapt to changing conditions and make optimal decisions in complex and uncertain situations makes it a valuable tool in addressing pressing challenges in healthcare and other fields. As optimization technology evolves, we can expect to see even more sophisticated and powerful solutions emerge. 410 0$aIntelligent Technologies and Robotics Series 606 $aAutomatic control 606 $aRobotics 606 $aAutomation 606 $aDrug delivery systems 606 $aControl, Robotics, Automation 606 $aDrug Delivery 615 0$aAutomatic control. 615 0$aRobotics. 615 0$aAutomation. 615 0$aDrug delivery systems. 615 14$aControl, Robotics, Automation. 615 24$aDrug Delivery. 676 $a629.8 686 $aSCI010000$aTEC004000$2bisacsh 700 $aSun$b Jiayue$4aut$4http://id.loc.gov/vocabulary/relators/aut$01429656 702 $aXu$b Shun$4aut$4http://id.loc.gov/vocabulary/relators/aut 702 $aLiu$b Yang$4aut$4http://id.loc.gov/vocabulary/relators/aut 702 $aZhang$b Huaguang$4aut$4http://id.loc.gov/vocabulary/relators/aut 801 0$bMiAaPQ 801 1$bMiAaPQ 801 2$bMiAaPQ 906 $aBOOK 912 $a9910745587603321 996 $aAdaptive Dynamic Programming$93568822 997 $aUNINA